00451nam a22001217a 4500020000800000040001600008082001300024100004500037245009900082250002800181260008300209300003700292 qHB. cFIZZA ISHAQ a423bNEU a DAVID B. GURALNIK , VICTORIA NEUFELDT - a Webster's New World Dictionary of American English /cVICTORIA NEUFELDT , DAVID B. GURALNIK.  a Third College Edition. aNew York : b Webster's New World : Distributed by Prentice Hall Trade,c1988. a: xxvi, 1588 p. : ill. ;c 25 cm